000 00841nam a2200301 i 4500
001 000028936
003 DO-SdBNP
005 20250530101432.0
007 ta
008 250530s1993 dr 001 0 spa d
040 _aDO-SdBNP
_bspa
_cBNPHU
_erda
041 _hspa
082 4 _axxx
_bC748t
_222
111 2 _aConferencia Interamericana de Contabilidad
_n(1993. :
_d13-16 de septiembre :
_cSanto Domingo)
_955885
245 1 0 _aTrabajos interamericanos y nacionales
264 _aSanto Domingo :
_bCENAPEC ,
_c1993
300 _a1202 páginas. ;
_c22 cm.
336 _ardacontent
_btexto
_2txt
337 _ardamedia
_bsin mediación
_2n
338 _ardacarrier
_bvolumen
_2nc
590 _aInventariado, 2025/DG
650 _955886
650 _955887
650 _955888
651 _944001
910 _aDG
942 _2ddc
_cLBS1
999 _c59103
_d59103